El Manual del notari Pere Pau Solanelles de l'escrivania pública d'Igualada : (1475-1479) / edició a cura de Miquel Torras i Cortina (1475-1479) / edició a cura de Miquel Torras i Cortina
ISBN:
84-9779-054-5
Descripción Física:
2 v. (857 p.) ; 24 cm
Colección:
Acta notariorum Cataloniae ; 13, 14
MARC
| LEADER | 00000nam a2200000Ia 4500 | ||
|---|---|---|---|
| 001 | 15696, 15697 | ||
| 008 | 160829s2003 xx 000 0 cat d | ||
| 020 | |a 84-9779-054-5 (o.c.) | ||
| 080 | |a A-2-188, A-2-189 | ||
| 245 | |a El Manual del notari Pere Pau Solanelles de l'escrivania pública d'Igualada : |b (1475-1479) / edició a cura de Miquel Torras i Cortina | ||
| 260 | |a Barcelona : |b Fundació Noguera ; Lleida : |b Pagès, |c 2003 | ||
| 300 | |a 2 v. (857 p.) ; |c 24 cm | ||
| 490 | |a Acta notariorum Cataloniae ; 13, 14 | ||
| 590 | |a Referències bibliogràfiques. | ||
| 590 | |a Índex onomàstic | ||
| 650 | |a Arxiu Històric Comarcal d'Igualada |x Catàlegs |9 39784 | ||
| 650 | |a Solanelles, Pere Pau |x Arxius |x Catàlegs |9 39785 | ||
| 650 | |a Documents públics |x Igualada |x S. XV |x Catàlegs I |9 39786 | ||
| 650 | |a Notaris |x Igualada |x Història |x Fonts |9 39787 | ||
| 650 | |a Igualada |x Història |x S. XV |x Fonts |9 39788 | ||
| 700 | |a Torras i Cortina, Miquel, ed. |9 39789 | ||
| 700 | |a Fundació Noguera |9 70407 | ||
| 901 | |a Arxiu | ||
| 942 | |n 1 | ||
| 952 | |0 0 |1 0 |4 0 |6 A2188_A2189 |7 1 |9 49212 |a Arxiu |b Arxiu |d 2016-12-01 |l 0 |o A-2-188, A-2-189 |p 15696, 15697 |r 2016-12-01 00:00:00 |w 2016-12-01 |y ARXIU | ||
| 999 | |c 53052 |d 53052 | ||